| 000 | 00676nam a22002057a 4500 | ||
|---|---|---|---|
| 999 |
_c12703 _d12703 |
||
| 003 | AR-CdUCM | ||
| 008 | 190409b ||||| |||| 00| 0 spa d | ||
| 040 |
_aMUNICIPALIDAD PROVINCIAL DEL CUSCO _cBIBLIOTECA MUNICIPAL DEL CUSCO |
||
| 082 |
_22ed. _aC / 910.4 / _bP26 |
||
| 100 |
_aParedes ,Luis Felipe _916077 |
||
| 245 | _aSensaciones de viaje / | ||
| 260 |
_aCusco : _bGarcilaso, _c1959. |
||
| 300 |
_a152 páginas ; _c16 cm. |
||
| 505 | _aContenido: Buenos Aires -- La Paz -- Lima -- Santiago -- Valparaiso -- Arica -- Cuzco ... | ||
| 650 |
_aViajes _9856 |
||
| 650 |
_aAmérica del Sur _9742 |
||
| 650 |
_aPerú _935 |
||
| 942 |
_2ddc _cLIBROS |
||
| 945 |
_aachl _d2019-04-09 |
||